000 00640cam a22002172 4500
001 0000006223
005 20151217152014.0
008 070926s xx 000 0 eng d
020 _a812241835X :
_cKES 600
040 _aKABU
_cKABU
100 1 _aRao, C. S.
_@0000157625
245 1 0 _aEnviromental polluciton control engineering.
250 _arev. 2nd ed.
260 _aNew Delhi :
_bNew Age Int.,
_c2006.
300 _axiv, 424 p.
650 0 _aPollution.
_@0000156202
908 _a070926
950 _@1
999 _c7232
_d7232